1291 1605 1949 1085 1028 1081 1967 1740 1372 1565 1596 1742 1115 1590 1606 1695 1073 1173 1402 1928 1745 1057 1056 1641 1997 1053 1799 1275 1601 1647 1933 1104 1642 1028 1538 1475 1965 1994 1328 1450 1841 1918 1299 1554 1058 1107 1542 1998 1490 1228 1981 1310 1235 1968 1938 1888 1922 1417 1999 1121 1171 1049 1440 1898 1071 1958 1830 1999 1570 1628 1384 1286 1321 1526 1674 1378 1876 1558 1474 1245 1582 1598 1470 1475 1564 1548 1619 1253 1537 1260 1427 1055 1065 1618 1069 1085 1065 1061 1280 BCNSPRNW ULIB Ver.6.0+V

เปลี่ยนเป็นภาษาไทย

Change to English
 แสดงรายละเอียดบรรณานุกรม
  กลับหน้าหลัก

Brief Record : Get Marc (ISO 2709) : E-mail record : QR code < ปิดหน้าต่าง
LEADER : 00000nam 2200000uu 4500
001    13399113527
003     ULIB
008    110627s2544||||th 000 0 tha d
020    97897447296
090    นว.^bร942ฮ ล.4 2544
100 0  โรว์ลิ่ง, เจ.เค.
245 00 แฮร์รี่ พอตเตอร์ กับถ้วยอัคนี เล่ม4/^cโรว์ลิ่ง, เจ.เค.
250    พิมพ์ครั้งที่ 1
260    กรุงเทพฯ :^bนานมีบุ๊คส์,^c2544
300    832 หน้า
710 1  นานมีบุ๊คส์
945    ^p0^l0^i014150
945    ^p0^l0^i021005
995    ทศพร
999 ^a ใช้งานได้ทุกระบบ
รายการนี้ยังไม่มีแท็ก
คุณยังไม่ได้ล็อกอิน คุณสามารถมีกิจกรรมร่วมกับเว็บไซต์ได้ แต่ต้องล็อกอินก่อน ::
  ล็อกอิน

รายการสื่อสารสนเทศ

ลำดับที่ ประเภท เลขเรียก/บาร์โค้ด สถานที่ สถานะ
1. นวนิยาย
นวนิยาย
นว. ร942ฮ ล.4 2544 ฉ.1 
  Barcode: 014150
ห้องสมุดวิทยาเขตสวรรค์ประชารักษ์
►นวนิยาย
บนชั้น
  ขอยืม
2. นวนิยาย
นวนิยาย
นว. ร942ฮ ล.4 2544 ฉ.2 
  Barcode: 021005
ห้องสมุดวิทยาเขตนครสวรรค์
►นวนิยาย:l:Fiction
บนชั้น

รายการใกล้เคียง
    ผู้แต่ง [โรว์ลิ่ง, เจ.เค.]

BibComment


ยังไม่เคยถูกคอมเมนท์

คอมเมนท์ทรัพยากรรายการนี้
  คอมเมนท์: แฮร์รี่ พอตเตอร์ ..


 Copyright 2026. Bcnsprnw @Library